| 000 | 00970cam a22002655a 4500 | ||
|---|---|---|---|
| 001 | 18231827 | ||
| 005 | 20160207095309.0 | ||
| 008 | 140718t2015 njua frb 001 0 eng d | ||
| 020 | _a0133562670 | ||
| 020 | _a9780133562675 | ||
| 040 |
_aDLC _beng _cDLC _dEG-ScBUE _dEG-ScBUE |
||
| 082 | 0 | 4 |
_a005.1 _bJEN _222 |
| 100 | 1 |
_aJensen, Randall W. _938250 |
|
| 245 | 1 | 0 |
_aImproving software development productivity : _beffective leadership and quantitative methods in software management / _cRandall W. Jensen. |
| 260 |
_aUpper Saddle River : _bPrentice Hall / Pearson Education, _cc.2015. |
||
| 300 |
_axxiii, 342 p. : _bill. ; _c24 cm. |
||
| 500 | _aIndex : p. 327-342. | ||
| 504 | _aBibliography : p. 307-312. | ||
| 650 | 0 |
_aComputer software _xDevelopment. _2BUEsh |
|
| 650 | 0 |
_aSoftware productivity _xMeasurement _2BUEsh |
|
| 651 | _2BUEsh | ||
| 653 |
_bCOMAME _cJuly2015 |
||
| 653 |
_bCOMSCI _bCOMAME _cJuly2015 _cAugust2015 _cFebruary2016 |
||
| 942 |
_2ddc _k005.1 JEN |
||
| 999 |
_c20006 _d19978 |
||